000 00763nam a22002297a 4500
003 0
005 20240925145118.0
008 240925b xxu||||| |||| 00| 0 eng d
020 _a9781529742565
050 _aHA 32
_b.M44 2022
100 _aMehmetoglu, Mehmet,
_eauthor.
245 _aApplied statistics using stata :
_ba guide for the social science /
_cMehmet Mehmetoglu, Tor Georg Jakobsen.
250 _a2nd ed.
260 _aLondon :
_bSAGE Publications Ltd.,
_c2022.
300 _axiv, 465 p. :
_bill. ;
_c25 cm.
504 _aIncludes index.
650 _aStata.
650 _aStatistics
_xdata processing.
650 _aSocial sciences
_vresearch-statistical methods
_xcomputer programs.
700 _aJakobsen, Tor Georg,
_eauthor.
942 _2lcc
_cBK
999 _c366397
_d366397